| 000 | 00646nam a22001697a 4500 | ||
|---|---|---|---|
| 003 | AM-YeHGA | ||
| 005 | 20250617154658.0 | ||
| 008 | 181127b ru ||||| |||| 00| 0 rus d | ||
| 040 | _aAM-YeHGA | ||
| 041 | 1 | _arus | |
| 245 | 0 | 0 |
_aЕкатеринослав Новочеркасск Ставрополь : _bКарта Южной Пограничной полосы Азиатской России / |
| 260 |
_aМосква : _bКорп. военных топографов ; _c1922. |
||
| 300 | _a1 л. | ||
| 650 | 1 | 4 |
_aЕкатеринослав Новочеркасск Ставрополь _vКарта |
| 942 |
_2udc _cBK |
||
| 090 | _c419764 | ||
| 999 |
_c417388 _d417388 |
||